| 000 | 00370nam a2200145 i 4500 | ||
|---|---|---|---|
| 001 | bg | ||
| 100 | 1 | _aDĄBROWSKI, Aleksander | |
| 245 | 0 |
_aSam naprawiam samochód Dacia 1300 i 1310p / _cAleksander Dąbrowski. |
|
| 260 |
_aWarszawa, _c1986. |
||
| 040 | _cBPK | ||
| 041 | _apol | ||
| 080 | _a629.114.6.004.67 | ||
| 942 | _cKS | ||
| 008 | s pl f |000 0 pol | ||
| 999 |
_c2668 _d2668 |
||
| 856 |
_uhttp://koha.tu.koszalin.pl/cgi-bin/koha/opac-detail.pl?biblionumber=2668 _yKatalog online BPK |
||